000 00388nam a2200157Ia 4500
005 20250613020110.0
008 240331s9999 xx 000 0 und d
020 _a955553375X
082 _bAMA
_a306
100 _aAmarasekera, D
245 0 _aInduwara
260 _aVarakapola
_bArya Publishers
_c2004
300 _a388 p .,
500 _aResearch paper collection Sociology
942 _cL
999 _c2072
_d2072